| 000 | 00335cam a22001097a 4500 | ||
|---|---|---|---|
| 008 | 180718b1985 xxu||||| |||| 00| 0 eng d | ||
| 082 | _aT000x54 In2s0 | ||
| 100 | _aNarasimham, M. | ||
| 245 |
_aSome thoughts on planning _cby M. Narasimham |
||
| 260 |
_aNew Delhi _bDepartment Of Personnel And Administrative Reforms _c1985 |
||
| 300 | _a30p. | ||
| 999 |
_c496738 _d496738 |
||